| 000 | 03995nam a22012734i 4500 | ||
|---|---|---|---|
| 003 | PE-LiUPU | ||
| 005 | 20250813185322.0 | ||
| 008 | 120912s2012 sp a rb 000 0 spa d | ||
| 020 | _a8481437522 | ||
| 020 | _a9788481437522 | ||
| 035 | _a(Sirsi) i9788481437522 | ||
| 040 |
_aBNM _bspa _erda _cBNM _dPE-LiUPU |
||
| 049 | _aPRUA | ||
| 080 | _a658.26.012.7 | ||
| 082 | 0 | 4 |
_a333.79 _bC26 _222 |
| 100 | 1 |
_aCarretero Peña, Antonio, _eautor. |
|
| 245 | 1 | 0 |
_aGestión de la eficiencia energética : _bcálculo del consumo, indicadores y mejora / _cAntonio Carretero Peña, Juan Manuel García Sánchez. |
| 264 | 1 |
_a[Madrid] : _bAENORediciones, _c2012. |
|
| 300 |
_a215 páginas : _bilustraciones ; _c24 centímetros |
||
| 336 |
_atext _2rdacontent |
||
| 337 |
_aunmediated _2rdamedia |
||
| 338 |
_avolume _2rdacarrier |
||
| 504 | _aBibliografía al final de cada capítulo. | ||
| 505 | 0 | _aParte 1. Requisitos -- Novedades de la norma UNE-EN ISO 50001:2011 -- Análisis de los requisitos generales de un sistema de gestión de la energía -- La norma UNE 2016501:2009 auditoria energética. Requisitos -- La revisión energética como punto de partida para la importancia del sistema de gestión de la energía -- Parte 2. Casos prácticos -- Matadero y planta de productos elaborados: revisión energética -- Matadero y planta de productos elaborados. Industria. Líneas de base e indicadores de desempeño -- Matadero y planta de productos elaborados. Industria. Oportunidades de mejora, control y plan de medición -- Edificio singular. Centro comercial y de ocio -- Empresa logística. Servicio de transporte -- Empresa del sector de construcción. Obra -- Gestor público de un servicio de alumbrado exterior. | |
| 526 | _aP202 | ||
| 526 | _aP201 | ||
| 526 | _aP163 | ||
| 526 | _aP162 | ||
| 526 | _aP161 | ||
| 526 | _aP160 | ||
| 526 | _aP148 | ||
| 526 | _aP147 | ||
| 526 | _aP146 | ||
| 526 | _aP145 | ||
| 526 | _aP144 | ||
| 526 | _aP143 | ||
| 526 | _aP142 | ||
| 526 | _aP141 | ||
| 526 | _aP140 | ||
| 526 | _aP139 | ||
| 526 | _aP138 | ||
| 526 | _aP137 | ||
| 526 | _aP136 | ||
| 526 | _aP135 | ||
| 526 | _aP134 | ||
| 526 | _aP133 | ||
| 526 | _aP129 | ||
| 526 | _aP128 | ||
| 526 | _aP127 | ||
| 526 | _aP120 | ||
| 526 | _aP119 | ||
| 526 | _aP118 | ||
| 526 | _aP116 | ||
| 526 | _aP115 | ||
| 526 | _aP114 | ||
| 526 | _aP110 | ||
| 526 | _aP109 | ||
| 526 | _aP108 | ||
| 526 | _aP104 | ||
| 526 | _aP103 | ||
| 526 | _aP102 | ||
| 526 | _aP99 | ||
| 526 | _aP98 | ||
| 526 | _aP97 | ||
| 526 | _aP96 | ||
| 526 | _aP95 | ||
| 526 | _aP93 | ||
| 526 | _aP90 | ||
| 526 | _aP89 | ||
| 526 | _aP88 | ||
| 526 | _aP83 | ||
| 526 | _aP82 | ||
| 526 | _aP62 | ||
| 526 | _aP59 | ||
| 526 | _aP58 | ||
| 526 | _aP57 | ||
| 526 | _aP51 | ||
| 526 | _aP49 | ||
| 526 | _aP48 | ||
| 526 | _aP47 | ||
| 526 | _aP29 | ||
| 526 | _aP24 | ||
| 526 | _aP20 | ||
| 526 | _aP19 | ||
| 526 | _aP17 | ||
| 526 | _aP15 | ||
| 526 | _aP14 | ||
| 526 | _aP12 | ||
| 526 | _aP10 | ||
| 526 | _aP09 | ||
| 526 | _aP08 | ||
| 526 | _aP07 | ||
| 526 | _aP06 | ||
| 526 | _aP05 | ||
| 526 | _aP04 | ||
| 526 | _aP01 | ||
| 541 | _g001-003071; | ||
| 650 | 7 |
_aAuditoría energética. _2embne |
|
| 650 | 0 | 4 |
_aConsumo de energía _xControl. |
| 700 | 1 |
_aGarcía Sánchez, Juan Manuel, _eautor. |
|
| 856 | 4 | 0 |
_3ebrary _uhttp://site.ebrary.com/id/10637550 |
| 910 |
_ajck _b _caas _d20160112 |
||
| 942 |
_2ddc _cBOOK |
||
| 949 |
_a333.79 C26 _wDEWEY _c1 _i72416 _lCCODEBUL1 _mBUL _p40.52 _r0 _sY _tBOOK _u2016-1-13 _xINGENIERIA _PP24 _0COMPRA _o.STAFF. Colección General |
||
| 994 |
_aC0 _bPEPRU |
||
| 856 | 4 | 0 |
_3ebrary _uhttp://site.ebrary.com/id/10637550 |
| 596 | _a1 | ||
| 999 |
_a333.79 C26 _wDEWEY _c8400 _i72416 _d8400 _f2021-11-9 _g7 _lCCODEBUL1 _mBUL _p40.52 _q2 _r0 _sY _tBOOK _u2016-1-13 _xINGENIERIA _PP24 _0COMPRA _o.STAFF. Colección General |
||
| 980 |
_81 _gALBERTO SANCHEZ Responsable de Automatización |
||